Financovanie a právna zodpovednosť spoločného obecného úradu

Pri fungovaní spoločného obecného úradu vznikajú určité náklady, ktoré je potrebné uhradiť. Jednotlivé obce si preto musia dohodnúť spôsob, ako sa budú podieľať na spolufinancovaní výdavkov spoločného obecného úradu. Pri plnení kompetencií spoločným obecným úradom je potrebné zvažovať aj vzťahy práv...

ver descrição completa

Na minha lista:
Detalhes bibliográficos
Autor principal: Hrtánek, Ladislav
Formato: Capítulo de Livro
Idioma:eslovaco
Assuntos:
Tags: Adicionar Tag
Sem tags, seja o primeiro a adicionar uma tag!

MARC

LEADER 00000naa a2200000 4500
001 0306987
005 20250212133548.9
041 0 |a slo 
044 |a SK 
245 1 0 |a Financovanie a právna zodpovednosť spoločného obecného úradu  |c Ladislav Hrtánek 
520 |a Pri fungovaní spoločného obecného úradu vznikajú určité náklady, ktoré je potrebné uhradiť. Jednotlivé obce si preto musia dohodnúť spôsob, ako sa budú podieľať na spolufinancovaní výdavkov spoločného obecného úradu. Pri plnení kompetencií spoločným obecným úradom je potrebné zvažovať aj vzťahy právnej zodpovednosti, ktoré môžu vzniknúť. 
610 2 0 |a úrady obecné 
610 2 0 |a financovanie 
610 2 0 |a zodpovednosť právna 
610 2 0 |a decentralizácia 
610 2 0 |a výdavky 
100 1 |a Hrtánek, Ladislav